NRL leading point scorer by season - Statistics

General Stats
  • This quiz has been taken 71 times
    18 since last reset
  • The average score is 19 of 28
Answer Stats
Hint Answer Team % Correct
2017 Nathan Cleary Panthers
100%
1998 Ivan Cleary Roosters
93%
2023 Jamayne Isaako Dolphins
93%
2019 Latrell Mitchell Roosters
93%
2018 Latrell Mitchell Roosters
93%
2020 Adam Reynolds Rabbitohs
86%
2011 Benji Marshall Tigers
86%
2016 Jarrod Croker Raiders
86%
2012 Jarrod Croker Raiders
86%
2021 Reuben Garrick Sea Eagles
86%
2024 Valentine Holmes Cowboys
86%
2022 Valentine Holmes Cowboys
86%
2009 Hazel El Masri Bulldogs
79%
2007 Hazem El Masri Bulldogs
79%
2006 Hazem El Masri Bulldogs
79%
2004 Hazem El Masri Bulldogs
79%
2003 Hazem El Masri Bulldogs
79%
2002 Hazem El Masri Bulldogs
79%
2001 Andrew Johns Knights
71%
2015 James Maloney Roosters
64%
2014 James Maloney Roosters
64%
2013 James Maloney Roosters
64%
2001 Ben Walker Sea Eagles
29%
2010 Michael Gordon Panthers
21%
1999 Matt Geyer Storm
14%
2005 Brett Hodgson Tigers
7%
2008 Luke Covell Sharks
7%
2000 Joel Caine Tigers
0%
No matching quizzes found
Score Distribution
Percent of People with Each Score
Percentile by Number Answered
Your Score History
You have not taken this quiz since the last reset